000 01046nam a22002171i 4500
001 181148
003 ES-MaACL
005 20230906221301.0
008 121024s1911 sp |||| | spa d
100 1 _aCuello Calón, Eugenio.
_941986
245 1 4 _aLos procedimientos experimentales para el estudio de la psicología de los niños anormales /
_cpor Eugenio Cuello Calón.
260 _a[Madrid :
_bJunta para Ampliación de Estudios e Investigaciones Científicas,
_c1911] (
_eMadrid :
_fImp. de Fortanet)
300 _aP. 322-429 ;
_c23 cm.
490 1 _aAnales de la Junta para Ampliación de Estudios e Investigaciones Científicas ;
_vt. 3, memoria 6
650 4 _aNiños con discapacidad mental-
_xPsicología.
_9144033
650 0 4 _aDelincuencia juvenil.
_9135872
710 2 _aJunta para la Ampliación de Estudios e Investigaciones Científicas.
_95413
830 0 _aAnales de la Junta para Ampliación de Estudios e Investigaciones Científicas ;
_vt. 3, memoria 6
_9186710
852 _aES-MaACL
_jB-13159(6)
999 _c181148
_d181148